Zásobování velkých měst

Saved in:
Bibliographic Details
Main Author: Pernica, Petr
Format: Book
Language:Czech
Published: Praha Merkur 1983
Tags: Add Tag
No Tags, Be the first to tag this record!

MARC

LEADER 00000nam a2200000 4500
001 c132066
005 20041019155254.1
041 0 |a cze 
044 |a CZ 
245 1 0 |a Zásobování velkých měst  |c Petr Pernica 
264 1 |a Praha  |b Merkur  |c 1983 
300 |a 274 s. 
100 1 |a Pernica, Petr